Music Quiz

Random Music or Clickable Quiz

Quick Pick: Herman's Hermits Songs Quiz Stats

 Plays Quiz not verified by Sporcle

Score 0/15 Timer 01:30
0 Plays Today
% Correct
Into
92.5%
Henry
92.5%
Little
91.9%
Heartbeat
90%
Lovely
88.7%
Lamp
85.4%
Door
85.2%
Wonderful
76.3%
% Correct
Milk
68.7%
Sleepy
60.6%
Silhouettes
52.8%
Sentimental
48%
Sunshine
42.9%
Listen
41.2%
Girl
41.2%

You're not logged in!

Compare scores with friends on all Sporcle quizzes.
OR
Log In

Sporcle TV

Today on Sporcle TV


Watch our educational content, quiz creation guides, and fun videos on Sporcle TV.

Show Comments

Extras

Top Quizzes Today


Score Distribution

Your Account Isn't Verified!

In order to create a playlist on Sporcle, you need to verify the email address you used during registration. Go to your Sporcle Settings to finish the process.

Report this User

Report this user for behavior that violates our Community Guidelines.

Details: